Guess the enhypen member (easy version) - Statistics

General Stats
  • This quiz has been taken 1,364 times
  • The average score is 7 of 7
Answer Stats
Picture Answer % Correct
ni-ki / nishimura riki
98%
jake / jaeyun
97%
jay / jongseong
97%
sunoo
95%
heeseung
94%
jungwon
91%
sunghoon
91%
No matching quizzes found
Score Distribution
Percent of People with Each Score
Percentile by Number Answered
Your Score History
You have not taken this quiz